Managing to make it : urban families and adolescent success
Αποθηκεύτηκε σε:
| Άλλοι συγγραφείς: | |
|---|---|
| Μορφή: | Βιβλίο |
| Γλώσσα: | English |
| Δημοσίευση: |
Chicago :
The University of Chicago Press,
1999
|
| Σειρά: | Studies on successful adolescent development
|
| Θέματα: | |
| Ετικέτες: |
Προσθήκη ετικέτας
Δεν υπάρχουν, Καταχωρήστε ετικέτα πρώτοι!
|
MARC
| LEADER | 00000nam a2200000 i 4500 | ||
|---|---|---|---|
| 001 | 1/30870 | ||
| 008 | 030120s1999 eng d | ||
| 020 | |a 0-226-27391-1 | ||
| 035 | |l 10069057 | ||
| 040 | |a GR-MY-UA |b gre |e aacr | ||
| 041 | 0 | |a eng | |
| 082 | 0 | |a 649.125097811 | |
| 245 | 1 | 0 | |a Managing to make it : |b urban families and adolescent success / |c Frank F. Furstenberg ... [et al.] |
| 260 | |a Chicago : |b The University of Chicago Press, |c 1999 | ||
| 300 | |a 305 p. | ||
| 490 | 1 | |a Studies on successful adolescent development | |
| 650 | 0 | 0 | |a Urban youth |z Pennsylvania |z Philadelphia |x Family relations. |
| 650 | 0 | 0 | |a Urban youth |z Pennsylvania |z Philadelphia |x Longitudinal studies. |
| 650 | 0 | 0 | |a Parenting |z Pennsylvania |z Philadelphia |x Longitudinal studies. |
| 650 | 0 | 0 | |a Teenagers with social disabilities |z Pennsylvania |z Philadelphia |x Longitudinal studies. |
| 650 | 0 | 0 | |a Success |z Pennsylvania |z Philadelphia |x Longitudinal studies. |
| 700 | 1 | |a Furstenberg, Frank F. |d 1940- | |
| 830 | 0 | |a Studies on successful adolescent development | |
| 852 | |a INST |b RHODES |e 20030120 |h 649.1250974811 MAN |p 005400015906 |q 005400015906 |t BK |y 0 | ||
| 901 | |a BIBL4-2003-1 | ||
| 909 | |a Ρ |b 102954 | ||
| 922 | |a 4ΕΛΗ |b 200211 |c ΕΠΕΑΕΚ2/ΤΕΠΑΕΣ |d ΠΑΠΑΣΩΤΗΡΙΟΥ & ΕΛΕΥΘΕΡΟΥΔΑΚΗΣ | ||
| 950 | |a 096-2002-10-08 | ||
| 970 | |a ΚΟΥΛΑΚΙΟΤΗ |b ΛΙΤΣΑ |z 2003/01/20 | ||